| 000 | 00582nam a22002177a 4500 | ||
|---|---|---|---|
| 999 |
_c10667 _d10667 |
||
| 001 | 9206 | ||
| 003 | IN-BhIIT | ||
| 005 | 20200313154859.0 | ||
| 008 | 200313b ||||| |||| 00| 0 eng d | ||
| 020 | _a9788131716052 | ||
| 040 | _aIN-BhIIT | ||
| 041 | _aeng | ||
| 082 |
_a005.1 _bBEL/S |
||
| 100 |
_aBell, Douglas _eauthor _912802 |
||
| 245 |
_aSoftware engineering for students: _ba programming approach / _cDouglas Bell |
||
| 250 | _a4th ed. | ||
| 260 |
_aDelhi : _bPearson, _cc2005. |
||
| 300 |
_axxii, 424p. ; _c24 cm. |
||
| 650 |
_aSoftware engineering. _9982 |
||
| 942 | _cTRB | ||